Chansons de Gims - Album Mon cœur avait raison (Pilule bleue et rouge) - Statistiques

Statistiques générales
  • Ce quiz a été pris 28 fois
  • Le résultat moyen est 11 sur 28
Statistiques - réponses
Ordre dans l'album Chansons % Correct
10 Mon cœur avait raison
64%
03 Est-ce que tu m'aimes ?
60%
01 Intro
56%
01 Intro
56%
02 Brisé
52%
15 Je te pardonne
52%
07 Je te pardonne (seul)
52%
08 Laissez passer
52%
14 Tu vas me manquer
52%
02 ABCD
48%
04 Contradiction
40%
06 Habibi
40%
05 Hasta Luego
40%
11 Sapés comme jamais
40%
13 Sans rétro
36%
12 Cadeaux
32%
11 Le Barillet
32%
03 Melynda Gates
32%
05 Angelina
28%
08 La Main du roi
28%
10 Mayweather
28%
09 Sofitelo
28%
06 Uzi
28%
04 Longue vie
24%
09 Number One
24%
Pilule bleue XXX
20%
Pilule rouge XXX
20%
07 Richard Mille
16%
Aucun quiz correspondant
Distribution des résultats
% des personnes avec chaque résultat
Percentile par nombre de réponses
Votre historique - résultats
Vous n’avez pas pris ce quiz